MARC details
| 000 -LEADER |
| fixed length control field |
00938 a2200301 4500 |
| 001 - CONTROL NUMBER |
| control field |
200429184 |
| 003 - CONTROL NUMBER IDENTIFIER |
| control field |
TR-AnTOB |
| 005 - DATE AND TIME OF LATEST TRANSACTION |
| control field |
20260127093924.0 |
| 007 - PHYSICAL DESCRIPTION FIXED FIELD--GENERAL INFORMATION |
| fixed length control field |
ta |
| 008 - FIXED-LENGTH DATA ELEMENTS--GENERAL INFORMATION |
| fixed length control field |
950223s1994 tura 01000atur |
| 020 ## - INTERNATIONAL STANDARD BOOK NUMBER |
| International Standard Book Number |
9758257676 |
| 040 ## - CATALOGING SOURCE |
| Original cataloging agency |
TR-AnTOB |
| Language of cataloging |
eng |
| Transcribing agency |
TR-AnTOB |
| Description conventions |
rda |
| 041 0# - LANGUAGE CODE |
| Language code of text/sound track or separate title |
Türkçe |
| 050 #4 - LIBRARY OF CONGRESS CALL NUMBER |
| Classification number |
DR605.O95 |
| Item number |
.B37 1994 |
| 090 #4 - LOCALLY ASSIGNED LC-TYPE CALL NUMBER (OCLC); LOCAL CALL NUMBER (RLIN) |
| Classification number (OCLC) (R) ; Classification number, CALL (RLIN) (NR) |
DR605.O95 |
| Local cutter number (OCLC) ; Book number/undivided call number, CALL (RLIN) |
.B37 1994 |
| 100 1# - MAIN ENTRY--PERSONAL NAME |
| Personal name |
Barlas, Mehmet, |
| Dates associated with a name |
1942- |
| Relator code |
author |
| 9 (RLIN) |
85240 |
| 245 ## - TITLE STATEMENT |
| Title |
Turgut Ozal'in anilari / |
| Statement of responsibility, etc. |
Mehmet Barlas. |
| 264 #1 - PRODUCTION, PUBLICATION, DISTRIBUTION, MANUFACTURE, AND COPYRIGHT NOTICE |
| Place of production, publication, distribution, manufacture |
İstanbul : |
| Name of producer, publisher, distributor, manufacturer |
Sabah, |
| Date of production, publication, distribution, manufacture, or copyright notice |
1994. |
| 300 ## - PHYSICAL DESCRIPTION |
| Extent |
338p.: |
| Other physical details |
illus. |
| Dimensions |
13 cm |
| 336 ## - CONTENT TYPE |
| Source |
rdacontent |
| Content type term |
text |
| 337 ## - MEDIA TYPE |
| Source |
rdamedia |
| Media type term |
unmediated |
| 338 ## - CARRIER TYPE |
| Source |
rdacarrier |
| Carrier type term |
volume |
| 600 10 - SUBJECT ADDED ENTRY--PERSONAL NAME |
| Personal name |
Özal, Turgut, |
| Dates associated with a name |
1927-1993 |
| General subdivision |
Political and social views |
| 9 (RLIN) |
119338 |
|
| Personal name |
Özal, Turgut, |
| Dates associated with a name |
1927-1993 |
| General subdivision |
Siyasi ve sosyal görüşler |
| 9 (RLIN) |
119339 |
| 651 #7 - SUBJECT ADDED ENTRY--GEOGRAPHIC NAME |
| Geographic name |
Türkiye |
| General subdivision |
Siyaset ve yönetim |
| Chronological subdivision |
1960-1980 |
| 9 (RLIN) |
119068 |
| 942 ## - ADDED ENTRY ELEMENTS (KOHA) |
| Source of classification or shelving scheme |
Library of Congress Classification |
| Koha item type |
Book |